अण्णू ,बण्ण,टण्णू आणि सरकारी चक्र (स्त्री पात्र विरहीत विनोदी एकांकिका). (Record no. 545580)
[ view plain ]
| 000 -LEADER | |
|---|---|
| fixed length control field | 00835nam a2200133Ia 4500 |
| 008 - FIXED-LENGTH DATA ELEMENTS--GENERAL INFORMATION | |
| fixed length control field | 100328s9999 xx 000 0 und d |
| 082 ## - DEWEY DECIMAL CLASSIFICATION NUMBER | |
| Item number | 59343 |
| 100 ## - MAIN ENTRY--PERSONAL NAME | |
| Personal name | भावे राम. |
| 245 ## - TITLE STATEMENT | |
| Title | अण्णू ,बण्ण,टण्णू आणि सरकारी चक्र (स्त्री पात्र विरहीत विनोदी एकांकिका). |
| 260 ## - PUBLICATION, DISTRIBUTION, ETC. (IMPRINT) | |
| Name of publisher, distributor, etc | आभा. |
| 630 ## - SUBJECT ADDED ENTRY--UNIFORM TITLE | |
| Uniform title | अण्णू ,बण्ण,टण्णू आणि सरकारी चक्र (स्त्री पात्र विरहीत विनोदी एकांकिका). |
| 730 ## - ADDED ENTRY--UNIFORM TITLE | |
| Uniform title | अण्णू ,बण्ण,टण्णू आणि सरकारी चक्र (स्त्री पात्र विरहीत विनोदी एकांकिका). |
| 942 ## - ADDED ENTRY ELEMENTS (KOHA) | |
| Koha item type | Book |
| Withdrawn status | Lost status | Damaged status | Not for loan | Home library | Current library | Date acquired | Total Checkouts | Barcode | Date last seen | Price effective from | Koha item type |
|---|---|---|---|---|---|---|---|---|---|---|---|
| Rantagiri (Dist.) Nagar Vachanalaya | Rantagiri (Dist.) Nagar Vachanalaya | 03/28/2010 | RNV-59343 | 03/28/2010 | 03/28/2010 | Book |